000
00319nam a2200109Ia 4500
008
180219s9999 xx 000 0 und d
020
_a
9814035955
100
_a
Marieb, Elaine N.
245
_a
Anatomy and physiology coloring workbook /
260
_a
Singapore :
_b
Pearson education asia
_c
2001
300
_a
iii, 298 pages
999
_c
355930
_d
355930